| 000 | 00916pam a2200277 a 4500 | ||
|---|---|---|---|
| 001 | 1037541 | ||
| 005 | 20250122141129.0 | ||
| 008 | 890512s1990 ilua b 001 0 eng | ||
| 020 | _a0256071942 | ||
| 020 | _a9780256071948 | ||
| 020 | _z1256071942 | ||
| 050 | 0 | 0 |
_aHF5686.C7 _bB716 1990 |
| 082 | 0 | 0 |
_a657/.3 _220 |
| 100 | 1 | _aBrownlee, E. Richard. | |
| 245 | 1 | 0 |
_aCorporate financial reporting : _btext and cases / _cE. Richard Brownlee II, Kenneth R. Ferris, Mark E. Haskins. |
| 260 |
_aHomewood, IL : _bBPI/Irwin, _cc1990. |
||
| 300 |
_axvi, 912 p. : _bill. ; _c24 cm. |
||
| 650 | 0 |
_aCorporations _xAccounting. |
|
| 650 | 0 | _aCorporation reports. | |
| 650 | 0 | _aFinancial statements. | |
| 650 | 0 |
_aCorporations _zUnited States _xAccounting _xCase studies. |
|
| 650 | 0 |
_aFinancial statements _zUnited States _xCase studies. |
|
| 700 | 1 | _aFerris, Kenneth R. | |
| 700 | 1 | _aHaskins, Mark E. | |
| 942 |
_2lcc _cBK _n0 |
||
| 999 |
_c2806 _d2806 |
||